The Bible in five years: (Record no. 3831)

000 -LEADER
fixed length control field 00648nam a2200181 a 4500
001 - CONTROL NUMBER
control field :::00001566$&:&@@
003 - CONTROL NUMBER IDENTIFIER
control field OkBaRHE
005 - DATE AND TIME OF LATEST TRANSACTION
control field 20000607103244.0
008 - FIXED-LENGTH DATA ELEMENTS--GENERAL INFORMATION
fixed length control field s1922 j 000 0 eng u
040 ## - CATALOGING SOURCE
Transcribing agency
100 1# - MAIN ENTRY--PERSONAL NAME
Personal name Morgan, G. Campbell (George Campbell), 1863-1945.
245 14 - TITLE STATEMENT
Title The Bible in five years:
Remainder of title a comprehensive outline for study of the entire sacred volume.
260 ## - PUBLICATION, DISTRIBUTION, ETC. (IMPRINT)
Place of publication, distribution, etc New York, NY., :
Name of publisher, distributor, etc Fleming H. Revell Co.
Date of publication, distribution, etc c1922
300 ## - PHYSICAL DESCRIPTION
Extent 47 p. ;
Dimensions 19 cm.
650 ## - SUBJECT ADDED ENTRY--TOPICAL TERM
Topical term or geographic name as entry element Bible
General subdivision Study
-- Outlines, Syllabi, etc.
942 ## - ADDED ENTRY ELEMENTS (KOHA)
Source of classification or shelving scheme
Koha item type Books
Copies
Withdrawn status Koha item type Not for loan Date acquired Price effective from Barcode Lost status Damaged status Copy number Full call number Source of classification or shelving scheme Date last seen Permanent Location Shelving location
 Books 2010-04-142010-04-141566  1BS 600 .M6 2010-04-14RHEMA Bible Training CollegeGeneral Stacks